000 00467cam a2200181ua 4500
041 _aeng
_h
082 _a634
_bSHA/FR
100 _aSham, Singh .
245 _aFruit culture in India /
_cSham singh.
_hTextual Documents
250 _a2 /
_b.
260 _aNew Delhi :
_bIndian Council for Agricultural Research ,
_c1967.
300 _a424 ; .
504 _a
700 1 _aKatyal, S.L .
700 1 _aKrishnamurthi, S .
942 _cBK
999 _c2625
_d2625